| 000 | 00761nam a2200265 a 4500 | ||
|---|---|---|---|
| 001 | 000024901 | ||
| 003 | DO-SdBNP | ||
| 005 | 20260202095302.0 | ||
| 008 | 100712s1999 ck 000 | spa d | ||
| 020 | _a9589651615 | ||
| 040 |
_aDO-SdBNP _bspa _cBNPHU |
||
| 049 | _aBNGR | ||
| 082 |
_a243 _bA456d |
||
| 100 | 1 |
_aAlperalta _qJosé Alcibíades Peralta G. _951130 |
|
| 245 | 1 | 0 |
_aDios y el hombre / _cJosé Alcibíades Peralta G. |
| 250 | _a2a ed. reformada | ||
| 260 |
_aSantafé de Bogotá, (Colombia) : _bEditorial Solar, _c1999. |
||
| 300 |
_a242 p. : ; _c21 cm. |
||
| 650 | 4 |
_aDios _91305 |
|
| 650 | 0 |
_aVida cristiana _9668 |
|
| 650 | 4 |
_aÉtica cristiana _9389 |
|
| 650 | 0 |
_aEspiritualidad _9613 |
|
| 650 | 4 |
_aFé en Dios _951131 |
|
| 942 |
_2ddc _cLBS1 |
||
| 999 |
_c24394 _d24394 |
||